| 000 | 00529nam a22001811a 4500 | ||
|---|---|---|---|
| 001 | 746 | ||
| 003 | OSt | ||
| 005 | 20260204211707.0 | ||
| 008 | 040114s1996||||dr ||||||b||||||||||spa|| | ||
| 050 | _aRD 340.7293 L96a | ||
| 082 | _aRD 340.7293 L96a | ||
| 100 | _aLuciano Pichardo, Rafael | ||
| 245 | _aDe las astreintes y otros escritos / Rafael Luciano Pichardo | ||
| 264 | _aSanto Domingo : Capeldom | ||
| 300 | _a359 p. | ||
| 650 | _a1.Astreintes 2 - Derecho - Republica Dominicana - Ensayos, ConferenciasÌ | ||
| 942 |
_2ddc _cBK |
||
| 999 |
_c746 _d746 |
||